Statistiken für Deutsche Bundespräsidenten

Klicken Sie hier um das Quiz zu spielen!

Allgemein

  • Dieses Quiz wurde 11.322 mal gespielt
  • Das Durchschnittsergebnis liegt bei 7 aus 12

Antwortstatistiken

ParteiZeitraumBundespräsident% Korrekt
SPDseit 2017Frank-Walter Steinmeier
95%
parteilos2012-2017Joachim Gauck
77%
CDU2010-2012Christian Wulff
70%
SPD1999-2004Johannes Rau
57%
FDP1949-1959Theodor Heuss
57%
CDU2004-2010Horst Köhler
55%
CDU1984-1994Richard von Weizsäcker
53%
FDP1974-1979Walter Scheel
51%
CDU1994-1999Roman Herzog
45%
CDU1959-1969Heinrich Lübke
39%
CDU1979-1984Karl Carstens
39%
SPD1969-1974Gustav Heinemann
38%

Verteilung der Resultate

Perzentil nach korrekt beantworteten Fragen

Anzahl Personen mit jedem Resultat

Ihre Resultats-Entwicklung

Sie haben dieses Quiz noch nicht gespielt